| 000 | 00525nam a2200169 a 4500 | ||
|---|---|---|---|
| 001 | BRCA_676 | ||
| 005 | 20190320203112.0 | ||
| 008 | 190508s----1985mx-a---###---#000-0#spa-# | ||
| 050 | 4 |
_aN910.P8 _b.S26 1985 |
|
| 245 | 1 | 0 |
_aSanta Mónica _bguía oficial. |
| 260 |
_aMéxico _bINAH _c1985 |
||
| 300 |
_a23 p. _bil. _c20 cm. |
||
| 504 | _aBibliografía: p. 23 | ||
| 610 | 2 | 4 |
_aConvento de Santa Mónica (Puebla) _vGuías _xColecciones de arte _92228 |
| 650 | 1 | 4 |
_aMuseos de arte religioso colonial _vGuías _zMéxico _92229 |
| 942 |
_2lcc _cB |
||
| 999 |
_c582 _d582 |
||